[Event "Toronto Scarborough CC Falling Leaves"]
[Site "Toronto"]
[Date "2009.11.26"]
[Round "4"]
[White "Manalo, Pepin"]
[Black "Poirier, Vincent"]
[Result "1-0"]
[WhiteElo "1829"]
[BlackElo "1780"]
[PlyCount "107"]
[EventDate "2009.11.05"]
[EventType "swiss"]
[EventRounds "7"]
[EventCountry "CAN"]
[SourceTitle "EXT 2011"]
[Source "ChessBase"]
[SourceDate "2010.11.26"]
[SourceVersion "1"]
[SourceVersionDate "2010.11.26"]
[SourceQuality "1"]

1. e4 c5 2. Nf3 e6 3. c4 Nc6 4. d4 cxd4 5. Nxd4 Bc5 6. Nb3 Bb6 7. Nc3 Qe7 8. Be2 Nf6 9. 0-0 0-0 10. Bg5 a6 11. Rc1 Bc7 12. f4 d6 13. Kh1 Bd7 14. c5 e5 15. Nd5 Qd8 16. cxd6 Bxd6 17. Nxf6+ gxf6 18. Bh6 Qe7 19. Bxf8 Rxf8 20. f5 Kh8 21. Rc3 Nd4 22. Bc4 Bc6 23. Qg4 Rg8 24. Qh4 Rg7 25. Bd3 Bb4 26. Rcc1 Nxb3 27. axb3 Bd2 28. Rc2 Bg5 29. Qf2 Qb4 30. Qe2 Qxb3 31. Rc3 Qb6 32. Rd1 Be3 33. Bc2 Bd4 34. Rb3 Qc7 35. Qd2 Ba4 36. Rc3 Bxc3 37. bxc3 Bxc2 38. Qxc2 Rg8 39. h3 b5 40. Rd5 Rd8 41. Qb3 Rc8 42. Rd3 Qc4 43. Qd1 Qxe4 44. Rf3 a5 45. Qd7 Qb1+ 46. Kh2 Rg8 47. Qxf7 Qe1 48. Qxf6+ Rg7 49. Qf8+ Rg8 50. Qf6+ Rg7 51. Rd3 h5 52. Qh6+ Kg8 53. Rd8+ Kf7 54. Qe6# 1-0

[Event "Sherbrooke op-B"]
[Site "Sherbrooke"]
[Date "2004.05.28"]
[Round "1"]
[White "Poirier, Vincent"]
[Black "Benoit, Sebastien"]
[Result "0-1"]
[WhiteElo "1706"]
[BlackElo "1658"]
[PlyCount "76"]
[EventDate "2004.05.??"]
[EventType "swiss"]
[EventRounds "5"]
[EventCountry "CAN"]
[SourceTitle "EXT 2005"]
[Source "ChessBase"]
[SourceDate "2004.11.15"]
[SourceVersion "1"]
[SourceVersionDate "2004.11.15"]
[SourceQuality "1"]

1. g3 Nf6 2. Bg2 d5 3. d4 Bf5 4. Nf3 e6 5. Nbd2 h5 6. 0-0 Nbd7 7. c4 c6 8. Re1 Be7 9. cxd5 cxd5 10. Nh4 Bh7 11. e4 dxe4 12. Nxe4 Nxe4 13. Bxe4 Bxe4 14. Rxe4 Nf6 15. Re1 0-0 16. h3 Qb6 17. b3 Rfd8 18. Be3 Bb4 19. Re2 Nd5 20. Rc2 g6 21. Qd3 Kg7 22. Rac1 Ba3 23. Rd1 Nb4 24. d5 Nxd3 25. Bxb6 Rxd5 26. Be3 Nb4 27. Rxd5 Nxd5 28. Bd4+ f6 29. Nf3 Kf7 30. Nd2 e5 31. Nc4 Be7 32. Bb2 b6 33. f3 Ke6 34. Kf2 Rc8 35. Ne3 Bc5 36. Re2 Nxe3 37. Rxe3 Bxe3+ 38. Kxe3 Rc2 0-1